000
00265nam a22001337a 4500
003
SGT
082
_a
070
_b
N79M
100
_a
MAVALANKAR, P.G.
245
_a
NO SIR
260
_b
SANISTHA PRAKASHAN
_c
1979
300
_a
314
650
_a
JOURNALISM
942
_2
ddc
_c
BK
999
_c
28577
_d
28577